000 00788nam a2200373Ia 4500
001 118911
003 208055
005 20240715174124.0
008 ||||||n9999 ||| || ||
245 0 _aCon la tinta de mi sangre Amor y desamor en las canciones de despecho de Antioquia
562 _e1
650 _aLITERATURA
_9143325
942 _cBKM
999 _c118911
_d118911
526 _a
526 _a17598
526 _a102617
526 _a102618
526 _a15794
526 _a102619
526 _a1703
526 _a102620
526 _a10406
526 _a105630
526 _a1698
526 _a116204
526 _a51868
526 _a4969
526 _a19790
526 _a104436
526 _a5144
526 _a1697
526 _a3899
526 _a9683